Statistics for Second Most Common Religions in the United States

Click here to take the quiz!

General Stats

  • This quiz has been taken 173 times
  • The average score is 4 of 5

Answer Stats

Religion % Correct
Islam
97%
Judaism
91%
Hinduism
87%
Buddhism
84%
Bahá'í
33%

Score Distribution

Percentile by Number Answered

Percent of People with Each Score

Your Score History

You have not taken this quiz